00359nam a2200169Ia 4500008004000000041000800040082001500048100001000063245003500073260002200108300000800130650000800138650001100146650000700157650001600164650000900180210210b2012 xxu||||| |||| 00| 0 eng d aeng a574.5 HINS aHINDU aSurvey of the environment 2012 abThe Hinduc2012 a143 athe aSurvey aof aenvironment a2012